00403nam a2200121Ia 4500008004100000245014000041260001700181260000900198300000900207650002300216650001200239856003000251170516s9999 xx 000 0 und d aTargeted Mesoporous Iron Oxide Nanoparticles-Encapsulated Perfluorohexane and a Hydrophobic Drug for Deep Tumor Penetration and Therapy bTheranostics c2015 a5:11 xMedical Technology xMedtech uhttp://www.thno.org/v5i11